| 000 | 00911cab a2200253 4500 | ||
|---|---|---|---|
| 001 | ABS52237 | ||
| 008 | 090401t1995 xxu||||| |||| 00| 0 eng d | ||
| 035 | _a(Sirsi) u67360 | ||
| 041 | _aeng | ||
| 245 | _aBuilding renewal | ||
| 260 | _c1995 | ||
| 300 | _aloan | ||
| 350 | _a0 | ||
| 490 |
_aBuilding _v10 February 1995, (24) |
||
| 520 | _aStructural and concrete brickwork, clay paving bricks, the pros and cons of clay bricks verses concrete blocks are included in this special feature on building materials. Conservationists criticise the suitability of a general purpose mortar mix recommended by the BRE and supported by the NHBC. Product features. | ||
| 650 | _aBRICKWORK | ||
| 650 | _aBUILT ENVIRONMENT-BUILDING MATERIALS | ||
| 650 | _aCLAY BRICKS | ||
| 650 | _aFAILURES | ||
| 650 | _aMORTAR MIXES | ||
| 690 | _aBUILT ENVIRONMENT-BUILDING MATERIALS | ||
| 942 | _n0 | ||
| 948 | _c04/03/1997 | ||
| 999 |
_c42159 _d42159 |
||